|
|
|
|
| LEADER |
02380nam a2200481 i 4500 |
| 001 |
EBC3044367 |
| 003 |
MiAaPQ |
| 005 |
20200520144314.0 |
| 006 |
m o d | |
| 007 |
cr cnu|||||||| |
| 008 |
850705s1970 gw ob 100 0 ger|d |
| 020 |
|
|
|z 9783110060294
|
| 020 |
|
|
|a 9783110882957 (e-book)
|
| 035 |
|
|
|a (MiAaPQ)EBC3044367
|
| 035 |
|
|
|a (Au-PeEL)EBL3044367
|
| 035 |
|
|
|a (CaPaEBR)ebr10782329
|
| 035 |
|
|
|a (OCoLC)922947487
|
| 040 |
|
|
|a MiAaPQ
|b eng
|e rda
|e pn
|c MiAaPQ
|d MiAaPQ
|
| 050 |
|
4 |
|a K3258.A6
|b V47 1970
|
| 082 |
0 |
|
|a 295
|
| 110 |
2 |
|
|a Vereinigung der Deutschen Staatsrechtslehrer.
|b Tagung
|d (1969 :
|c Bern, Switzerland)
|
| 245 |
1 |
4 |
|a Das Grundrecht der Gewissensfreiheit /
|c Richard Baumlin und Ernst-Wolfgang Bockenforde. Die Rechtsformen der sozialen Sicherung und das Allgemeine Verwaltungsrecht / Wilhelm Henke und Wolfgang Rufner.
|
| 264 |
|
1 |
|a Berlin :
|b Walter de Gruyter & Co.,
|c 1970.
|
| 300 |
|
|
|a 1 online resource (295 pages)
|
| 336 |
|
|
|a text
|2 rdacontent
|
| 337 |
|
|
|a computer
|2 rdamedia
|
| 338 |
|
|
|a online resource
|2 rdacarrier
|
| 440 |
|
0 |
|a Veroffentlichungen der Vereinigung der Deutschen Staatsrechtslehrer ;
|v Heft 28
|
| 500 |
|
|
|a "Berichte und Diskussionen auf der Tagung der Vereinigung der Deutschen Staatsrechtslehrer in Bern am 2. und 3. Oktober 1969."
|
| 504 |
|
|
|a Includes bibliographical references.
|
| 588 |
|
|
|a Description based on print version record.
|
| 590 |
|
|
|a Electronic reproduction. Ann Arbor, MI : ProQuest, 2015. Available via World Wide Web. Access may be limited to ProQuest affiliated libraries.
|
| 650 |
|
0 |
|a Liberty of conscience
|v Congresses.
|
| 650 |
|
0 |
|a Social security
|v Congresses.
|
| 655 |
|
4 |
|a Electronic books.
|
| 700 |
1 |
|
|a Baumlin, Richard.
|
| 700 |
1 |
|
|a Bockenforde, Ernst Wolfgang.
|
| 700 |
1 |
2 |
|a Henke, Wilhelm,
|d 1926-
|
| 700 |
1 |
2 |
|a Rufner, Wolfgang.
|
| 740 |
0 |
2 |
|a Rechtsformen der sozialen Sicherung und das Allgemeine Verwaltungsrecht.
|
| 776 |
0 |
8 |
|i Print version:
|a Vereinigung der Deutschen Staatsrechtslehrer.
|t Grundrecht der Gewissensfreiheit.
|d Berlin : Walter de Gruyter & Co., 1970
|h 291 pages ; 23 cm.
|k Veroffentlichungen der Vereinigung der Deutschen Staatsrechtslehrer ; Heft 28
|z 9783110060294
|w (OCoLC)12233200
|w (DLC) 78520932
|
| 797 |
2 |
|
|a ProQuest (Firm)
|
| 856 |
4 |
0 |
|u https://ebookcentral.proquest.com/lib/matrademy/detail.action?docID=3044367
|z Click to View
|